000 00393nam a2200145Ia 4500
008 230917s9999||||xx |||||||||||||| ||und||
040 _e126151
_aMAIN
041 _aEnglish
082 _a338.4791 S23T
100 _aSharma, Manoj
245 0 _aTourism infrastructure development: A sustainable approach
260 _aNew Delhi
_bKanishka Publishers
_c2010
300 _a411 p.
942 _cBK
999 _c152373
_d152373